Statistiques concernant Villes par images #2

Cliquez ici pour prendre le quiz!

Statistiques générales

  • Ce quiz a été pris 91 fois
  • Le résultat moyen est 9 sur 16

Statistiques - réponses

Réponse% Correct
New York
100%
Paris
100%
Venise
99%
Moscou
95%
Londres
92%
Vatican
75%
Budapest
63%
Pékin
62%
Kiev
56%
Shanghai
54%
Québec
38%
Oslo
36%
Abou Dabi
33%
Khartoum
15%
Vancouver
11%
Valladolid | Mérida
4%

Distribution des résultats

Percentile par nombre de réponses

% des personnes avec chaque résultat

Votre développement - résultats

Vous n’avez pas pris ce quiz